000 02334nam0a2200433 4500
001 RU\NLR\BIBL_A\010986764
005 20250624205331.0
010 _a978-5-502-00634-7
021 _aRU0321502584
035 _a(NLR Aleph) 010986764
090 _a10906743
_c10906743
100 _a20150911d2015 |||y0rusy50 ca
101 0 _arus
102 _aRU
106 _as
135 _aaougu||||||||
200 1 _aМетодология научного творчества
_bЭлектронный ресурс
_eучебное пособие для магистров всех специальностей
_fВ. О. Волкова, В. М. Маслов, И. Е. Волков
_gМ-во образования и науки Рос. Федерации, Нижегор. гос. техн. ун-т им. Р. Е. Алексеева
210 _aНижний Новгород
_cНГТУ
_d2015
215 _a1 электрон. опт. диск (CD-ROM)
_d12
230 _aТекстовое (символ.) электрон. изд. (4,09 Мб)
300 _aЗагл. с титул. экрана
337 _aСистем. требования: ПК 486 ; Windows 95
606 1 _aНаучные исследования
_jУчебные издания для высших учебных заведений
_xМетодология и логика
_92138874
_3RU\NLR\auth\661289411
606 1 _aНаука
_jУчебные издания для высших учебных заведений
_xМетодология
_91677197
_3RU\NLR\auth\66744350
610 0 _aнаучное творчество
675 _a001.8(075.8)
_v3
686 _a12.51
_2grnti
686 0 _aЮ25я73
686 0 _aЧ21в
700 1 _aВолкова
_bВ. О.
_cд-р филос. наук
_gВера Олеговна
_9157714
_3RU\NLR\AUTH\770157754
701 1 _aМаслов
_bВ. М.
_cд-р филос. наук
_gВадим Михайлович
_9143014
_3RU\NLR\AUTH\770143050
701 1 _aВолков
_bИ. Е.
_cканд. филос. наук
_gИлья Евгеньевич
_9157711
_3RU\NLR\AUTH\770157751
801 0 _aRU
_bНТЦ Информрегистр
_c20150911
801 1 _aRU
_bНТЦ Информрегистр
_c20150911
942 _cBOOK
980 _aNB